Football gaélique en France - Statistiques

Statistiques générales
  • Ce quiz a été pris 86 fois
  • Le résultat moyen est 19 sur 25
Statistiques - réponses
Hint % Correct
17 Paris
96%
4 Bordeaux
93%
10 Lille
92%
12 Lyon
92%
15 Nantes
92%
20 Rennes
92%
24 Toulouse
88%
5 Brest
87%
23 Strasbourg
84%
3 Azur
83%
1 Angers
81%
18 Provence
81%
6 Clermont
80%
25 Vannes
77%
11 Lorient
75%
9 Liffré
73%
16 Niort
69%
19 Quimper
67%
21 Saint Brieuc
64%
8 Guerande
63%
13 Mondeville
63%
2 Arthon
51%
7 Fougeres
45%
14 Naives
45%
22 Saint Coulomb
35%
Aucun quiz correspondant
Distribution des résultats
% des personnes avec chaque résultat
Percentile par nombre de réponses
Votre historique - résultats
Vous n’avez pas pris ce quiz